| 000 | 01915nam a2200337 a 4500 | ||
|---|---|---|---|
| 001 | ebr10498867 | ||
| 003 | CaPaEBR | ||
| 006 | m u | ||
| 007 | cr cn||||||||| | ||
| 008 | 091120s2005 nyuab sb 001 0 eng d | ||
| 020 | _z9781932714685 (pbk.) | ||
| 020 | _z186227312X | ||
| 020 | _z1932714057 | ||
| 020 | _z9781611210057 (e-book) | ||
| 040 |
_aCaPaEBR _cCaPaEBR |
||
| 035 | _a(OCoLC)671578903 | ||
| 043 | _an-us-va | ||
| 050 | 1 | 4 |
_aE241.Y6 _bG74 2005eb |
| 082 | 0 | 4 |
_a973.3/37 _222 |
| 100 | 1 | _aGreene, Jerome A. | |
| 245 | 1 | 4 |
_aThe guns of independence _h[electronic resource] : _bthe siege of Yorktown, 1781 / _cJerome A. Greene. |
| 260 |
_aNew York : _bSavas Beatie ; _aStaplehurst, U.K. : _bSpellmount, _c2005. |
||
| 300 |
_axix, 507 p. : _bill., maps. |
||
| 504 | _aIncludes bibliographical references and index. | ||
| 505 | 0 | _aThe campaign of the allies -- The lion comes to Yorktown -- The British positions -- Washington takes command -- Investment -- The noose tightens -- The lion at bay -- On the verge -- The guns of October -- The earth trembles -- Night of heroes -- Hopes bright and dim -- Britain against the sky -- Broken sword -- Endings, beginnings -- Postscript : thereafter -- Appendix 1. Modern photographic gallery -- Appendix 2. The Washington and Cornwallis correspondence -- Appendix 3. The Articles of Capitulation, October 19, 1781 -- Appendix 4. The archaeology of the French Grand Battery complex -- Appendix 5. The artillery at Yorktown. | |
| 533 |
_aElectronic reproduction. _bPalo Alto, Calif. : _cebrary, _d2011. _nAvailable via World Wide Web. _nAccess may be limited to ebrary affiliated libraries. |
||
| 651 | 0 |
_aYorktown (Va.) _xHistory _ySiege, 1781. |
|
| 655 | 7 |
_aElectronic books. _2local |
|
| 710 | 2 | _aebrary, Inc. | |
| 856 | 4 | 0 |
_uhttp://site.ebrary.com/lib/rucke/Doc?id=10498867 _zAn electronic book accessible through the World Wide Web; click to view |
| 999 |
_c132372 _d132372 |
||